Normal view
MARC view
- YAMANE, TARO
Entry Personal Name
001 - CONTROL NUMBER
- control field: 76151
003 - CONTROL NUMBER IDENTIFIER
- control field: NUST
005 - DATE AND TIME OF LATEST TRANSACTION
- control field: 20210628205605.0
008 - FIXED-LENGTH DATA ELEMENTS
- fixed length control field: 210628|| aca||aabn | a|a d
040 ## - CATALOGING SOURCE
- Original cataloging agency: NUST
- Transcribing agency: NUST
100 ## - HEADING--PERSONAL NAME
- Personal name: YAMANE, TARO
670 ## - SOURCE DATA FOUND
- Source citation: Work cat.: (NUST): YAMANE, TARO, STATISTICS AN INTRODUCTORY ANALYSIS, 1973
